• 首页
  • 本馆介绍
  • 公告通知
  • 最新文献
  • 馆藏检索
  • 电子资源
  • 读者导购
  • 参考咨询
  • 我的图书馆
  • 登录
  • 详细信息显示
  • 放入我的书架
  • 预约/预借图书
  • 作者相关作品
  • 分类相关作品
  • 丛书相关作品
  • 出版社相关作品

书目信息

  • 表格格式
  • 工作单格式
  • 卡片格式
题名:
酵母遗传学方法实验指南
    
 
作者: 亚当斯 ;刘子铎
分册:  
出版信息: 北京   科学出版社  2000
页数: 132
开本: 26cm
丛书名: 现代生物技术译丛
单 册:
中图分类: TQ926
科图分类:
主题词: 发酵--化学工业
电子资源:
ISBN: 7-03-007820-9
000 00673nam0 2200217 450
001 0741144344
005 20070817112544.34
010    @a7-03-007820-9@b精装@d¥30.00
100    @a20070817d km y0chiy0120 ea
101 0  @achi
200 1  @a酵母遗传学方法实验指南@Ajiao mu yi chuan xue fang fa shi yan zhi nan@f(美)亚当斯等@F(mei)ya dang si deng@g刘子铎@Gliu zi duo
210    @a北京@c科学出版社@d2000
215    @a132@d26cm
225 2  @a现代生物技术译丛
410  0 @12001 @a现代生物技术译丛
606 0  @a发酵@x化学工业
690    @aTQ926@v3
701  0 @a亚当斯@Aya dang si
702  0 @a刘子铎@Aliu zi duo
801  0 @aCN@bPFT@c20070817
905    @a213230@dTQ926@en1@f1
    
    酵母遗传学方法实验指南/(美)亚当斯等/刘子铎.-北京:科学出版社,2000
    132;26cm.-(现代生物技术译丛)
    
    
    ISBN 7-03-007820-9(精装):¥30.00
    
●
相关链接 在E读中查询图书 在五车中查询图书 在当当中查询图书 在豆瓣中查询图书


正题名:酵母遗传学方法实验指南     索取号:TQ926/n1         预约/预借

序号 登录号 条形码 馆藏地/架位号 状态 备注
1 6600722   266007224   密集书库-生命科学系/ [索取号:TQ926/n1] 在馆    
唐山师范学院图书馆 欢迎您!
大连网信软件有限公司© 版权所有